| 000 | 00631nam a2200241 a 4500 | ||
|---|---|---|---|
| 001 | 80486 | ||
| 003 | BD-RjUL | ||
| 005 | 20221003104449.0 | ||
| 008 | 221003s1970 enk 000 0 eng | ||
| 020 | _a0224618997 | ||
| 035 | _a(BD-RjUL)80486 | ||
| 040 |
_aDLC _cDLC _dDLC _dBD-RjUL _beng |
||
| 041 | _aeng | ||
| 082 | 0 | 0 |
_223 _a822.914 _bSTC 1970 |
| 100 | 1 |
_aStorey, David, _d1933-2017. _95118 |
|
| 245 | 1 | 4 |
_aThe contractor / _cDavid Storey. |
| 260 |
_aLondon : _bCape, _c1970. |
||
| 300 |
_a122 p.; _c21 cm. |
||
| 650 |
_aEnglish drama 20th century _95119 |
||
| 942 |
_2ddc _cBK |
||
| 999 |
_c80486 _d80486 |
||